Διερεύνηση της παράκτιας επαγγελματικής αλιείας μικρής κλίμακας εντός και εκτός της θαλάσσιας προστατευόμενης περιοχής της Ζακύνθου : οικολογικές, αλιευτικές, κοινωνικο-οικονομικές και διαχειριστικές συνιστώσες : πτυχιακή εργασία

Αποθηκεύτηκε σε:
Λεπτομέρειες βιβλιογραφικής εγγραφής
Κύριος συγγραφέας: Μπαντουβάς, Νίκος
Συγγραφή απο Οργανισμό/Αρχή: Πανεπιστήμιο Αιγαίου Σχολή Περιβάλλοντος Τμήμα Επιστημών της Θάλασσας
Μορφή: Thesis Βιβλίο
Γλώσσα:Greek
Δημοσίευση: 2013
Θέματα:
Διαθέσιμο Online:http://hdl.handle.net/11610/7220
Ετικέτες: Προσθήκη ετικέτας
Δεν υπάρχουν, Καταχωρήστε ετικέτα πρώτοι!

MARC

LEADER 00000cam a2200000 i 4500
001 1/53585
008 140822s2013 gre d
035 |l 10118701 
040 |a GR-MY-UA  |b gre  |e aacr 
041 0 |a gre 
082 0 |a 333.91  |2 (22) 
100 1 |a Μπαντουβάς, Νίκος. 
245 1 0 |a Διερεύνηση της παράκτιας επαγγελματικής αλιείας μικρής κλίμακας εντός και εκτός της θαλάσσιας προστατευόμενης περιοχής της Ζακύνθου :  |b οικολογικές, αλιευτικές, κοινωνικο-οικονομικές και διαχειριστικές συνιστώσες : πτυχιακή εργασία /  |c Μπαντουβάς Νίκος ; επιβλέποντες: Δ. Κουτσούμπας, Χ. Δημητριάδης 
260 |c 2013 
300 |a 86 σ.;  |b εικ.;  |c 30 εκ. 
500 |a Εθνικό Θαλάσσιο Πάρκο Ζακύνθου 
502 |a Πτυχιακή εργασία – Πανεπιστήμιο Αιγαίου, Λέσβος, 2013. 
504 |a Βιβλιογραφία: σ. 82-86 
650 0 |a Fishery management  |z Greece  |z Zakynthos (Municipality) 
650 0 |a Fisheries  |z Greece  |z Zakynthos (Municipality) 
650 0 0 |a Coastal zone management  |z Greece  |z Zakynthos (Municipality) 
650 0 0 |a Marine parks and reserves  |x Management  |z Greece  |z Zakynthos (Municipality) 
650 0 |a Protected areas  |x Management  |z Greece  |z Zakynthos (Municipality) 
650 0 0 |a Dissertations, Academic  |z Greece. 
700 1 |a Κουτσούμπας, Δρόσος,  |e dgs 
710 2 |a Πανεπιστήμιο Αιγαίου  |b Σχολή Περιβάλλοντος  |b Τμήμα Επιστημών της Θάλασσας. 
852 |a INST  |b LESVOS  |c DIATR  |e 20140822  |h 761  |p 005100054762  |q 005100054762  |t DIE  |y 23 
852 |a INST  |b LESVOS  |c DIATR  |e 20140822  |h 762  |p 005100054761  |q 005100054761  |t DIE  |y 23 
856 |u http://hdl.handle.net/11610/7220 
901 |a BIBL1-2014-2 
909 |a Λ  |b 190208 
909 |a Λ  |b 190207 
924 |a ΜΠΑΝΤΟΥΒΑΣ  |b ΝΙΚΟΣ  |y ΛΕΣΒΟΣ  |z 2014-01 
970 |a ΤΖΑΦΕΡΗ  |b ΕΥΑΓΓΕΛΙΑ  |z 2014/08/25